[Event "Clarin GP op"]
[Site "Villa Martelli"]
[Date "1997.??.??"]
[Round "1"]
[White "Mela, Benjamin"]
[Black "Rodriguez, Andres URU"]
[Result "0-1"]
[WhiteElo "2155"]
[BlackElo "2495"]

1.e4 e6 2.d4 d5 3.Nc3 Bb4 4.e5 Ne7 5.a3 Bxc3+ 6.bxc3 b6 7.Bd3 Ba6 8.Nf3 Bxd3
9.Qxd3 Nbc6 10.a4 Na5 11.Nd2 O-O 12.Ba3 Qd7 13.O-O Rfc8 14.f4 c5 15.dxc5 bxc5
16.Ne4 Nc4 17.Bxc5 Qc7 18.Ng5 Qxc5+ 19.Kh1 Ng6 20.f5 exf5 21.Qxf5 Ncxe5 22.Rae1 Qc7
23.Rxe5 Qxe5 24.Qxf7+ Kh8 25.Qxg6 hxg6  0-1

[Event "Mikenas mem op"]
[Site "Vilnius"]
[Date "1997.??.??"]
[Round "?"]
[White "Kovalev, Andrei"]
[Black "Rustemov, Alexander"]
[Result "1-0"]
[WhiteElo "2405"]
[BlackElo "2550"]

1.e4 e6 2.d4 d5 3.Nc3 Bb4 4.e5 Ne7 5.a3 Bxc3+ 6.bxc3 c5 7.Nf3 b6 8.Bb5+ Bd7
9.Bd3 Ba4 10.h4 Qc7 11.Kf1 Nd7 12.h5 h6 13.Kg1 O-O-O 14.Rb1 Kb7 15.Rh4 cxd4
16.cxd4 Rc8 17.Ne1 Qc6 18.Qe2 Rcg8 19.Rb4 Nb8 20.Rf4 Qe8 21.Rxa4 Qxa4 22.Bb5 Qa5
23.Rxf7 Re8 24.Bxe8 Rxe8 25.Rxg7 Nc6 26.Bxh6 Nxd4 27.Qd2 Qa4 28.Bg5 Nf5 29.Rf7 Qg4
30.Bxe7 Rxe7 31.Rxe7+ Nxe7 32.Qb4 Qg5 33.Nf3 Qc1+ 34.Kh2 Nf5 35.Qa4 Qh6 36.g4 d4
37.Qd7+ Ka6 38.Qc6 Qf4+ 39.Kh3 Nh6 40.Nh2 Qxf2 41.Qc4+ Ka5 42.Qb4+ Ka6 43.Qa4+ Kb7
44.Qb3 Kc7 45.Nf3 Nf7 46.Qc4+ Kb7 47.Qd3 a5 48.g5 Ka7 49.a4 Kb7 50.g6 Nh6
51.g7 Ka7 52.Qe4 Qf1+ 53.Kg3 Qc4 54.g8=Q  1-0

[Event "Vsetin op"]
[Site "Vsetin"]
[Date "1997.??.??"]
[Round "?"]
[White "Spacek, Libor"]
[Black "Juricek, Stanislav"]
[Result "0-1"]
[WhiteElo "2000"]
[BlackElo "2140"]

1.e4 e6 2.d4 d5 3.Nc3 Bb4 4.e5 Qd7 5.Qg4 f5 6.Qg3 b6 7.a3 Bxc3+ 8.bxc3 Ba6
9.Bxa6 Nxa6 10.Ne2 Nb8 11.Nf4 Kf7 12.h4 Ne7 13.h5 Rf8 14.Nh3 Nbc6 15.Bg5 h6
16.Bxe7 Nxe7 17.Nf4 Rac8 18.O-O Kg8 19.Qd3 c5 20.c4 cxd4 21.cxd5 Nxd5 22.Qxd4 Rfd8
23.Rfd1 Qc6 24.Ng6 Qc4 25.Rac1 Qxd4 26.Rxd4 Rc3 27.Ne7+ Kf7 28.Nxd5 Rxd5
29.Ra4 a5 30.Rb1 Rxe5 31.Rxb6 Rxc2 32.Rf4 Ra2 33.Rf3 Re4 34.Ra6 Ra4 35.Re3 R2xa3
36.Rexe6 Ra1+ 37.Kh2 Rh4+ 38.Kg3 Rxh5 39.Re5 f4+ 40.Kxf4 Ra4+ 41.Re4 Rh4+
42.g4 Rxe4+ 43.Kxe4 Rxg4+ 44.Kf5 Rg5+ 45.Ke4 h5 46.f4 Rb5 47.Ra7+ Kg6 48.Ra6+ Kh7
49.f5 h4 50.f6 g5 51.f7 Kg7 52.Rf6 Kf8 53.Kf3 Rb4 54.Kg2 g4  0-1

[Event "VAM Hoogeveen op"]
[Site "Wijk aan Zee"]
[Date "1997.??.??"]
[Round "4"]
[White "Azadmanesh, Moosa"]
[Black "Vogel, Jaap"]
[Result "0-1"]
[WhiteElo "2110"]
[BlackElo "2285"]

1.e4 e6 2.d4 d5 3.Nc3 Bb4 4.e5 b6 5.Bd2 Bf8 6.g4 Ba6 7.Bxa6 Nxa6 8.Qe2 Nb4
9.Be3 h5 10.O-O-O hxg4 11.Qxg4 Qd7 12.Bg5 Nc6 13.Nge2 Nce7 14.Ng3 O-O-O 15.Qf3 Qe8
16.Rd3 Kb8 17.Qe2 Rc8 18.Bd2 Nh6 19.Bxh6 Rxh6 20.f4 g6 21.h4 c5 22.dxc5 Rxc5
23.h5 Rc4 24.Qf2 Qc6 25.Qf3 gxh5 26.Rxh5 Rxh5 27.Nxh5 Nf5 28.Kb1 Bb4 29.Nf6 Kb7
30.Nfxd5 exd5 31.Qxd5 Qxd5 32.Nxd5 Bc5 33.b3 Rd4 34.Rxd4 Bxd4 35.c4 Kc6 36.Nb4+ Kd7
37.Kc2 Bc5 38.Nd3 a5 39.Ne1 Bf2 40.Nd3 Be3 41.Kc3 Nd4 42.Ne1 Nc6 43.Ng2 Bc5
44.Nh4 Ke6 45.a4 Nd4 46.Ng2 Kf5  0-1

[Event "VAM Hoogeveen op"]
[Site "Wijk aan Zee"]
[Date "1997.??.??"]
[Round "9"]
[White "Nijboer, Friso"]
[Black "Bronstein, David I"]
[Result "1-0"]
[WhiteElo "2605"]
[BlackElo "2420"]

1.e4 e6 2.d4 d5 3.Nc3 Bb4 4.e5 b6 5.Qg4 Bf8 6.Be3 Ne7 7.O-O-O Ba6 8.Bxa6 Nxa6
9.Bg5 Nb4 10.f4 Nbc6 11.Qh3 h6 12.Nge2 Qd7 13.Bh4 Ng6 14.Bf2 h5 15.Qf3 O-O-O
16.g3 f6 17.Qd3 Nge7 18.b3 Kb7 19.Kb2 Qe8 20.Rhe1 f5 21.Nb1 Na5 22.Rf1 a6
23.Be1 Nec6 24.a3 b5 25.Nbc3 Rb8 26.Ra1 g6 27.Bd2 Kc8 28.Kc1 Kd7 29.Kd1 Ke7
30.a4 b4 31.Na2 Rb6 32.Nec1 Kf7 33.Qe3 Be7 34.Nd3 h4 35.Nac1 Rb8 36.Ne2 hxg3
37.hxg3 Qg8 38.Ne1 Rh3 39.Qd3 Qh7 40.Qxa6 Qh5 41.Qd3 Rh2 42.Nf3 Rg2 43.Be3 Qg4
44.Bg1 Rh8 45.Ne1 Rxe2 46.Qxe2 Qxg3 47.Qf3 Rh3 48.Qxg3 Rxg3 49.Bf2 Rh3 50.Ke2 Rc3
51.Rd1 g5 52.fxg5 Bxg5 53.Rd3  1-0

[Event "Wuerttemberg-ch"]
[Site "Willsbach"]
[Date "1997.??.??"]
[Round "8"]
[White "Heinl, Thomas"]
[Black "Berezovsky, Igor"]
[Result "0-1"]
[WhiteElo "2250"]
[BlackElo "2325"]

1.e4 e6 2.d4 d5 3.Nc3 Bb4 4.e5 Qd7 5.Bd2 b6 6.Nf3 Bf8 7.Be2 Ba6 8.O-O Ne7
9.a4 Bxe2 10.Qxe2 Nbc6 11.Nd1 Nf5 12.Qd3 h6 13.g4 Nfe7 14.Nh4 h5 15.g5 g6
16.Ne3 Bg7 17.Neg2 O-O 18.Rfe1 Rfc8 19.Ra3 Nd8 20.Nf4 c5 21.dxc5 bxc5 22.Nxh5 gxh5
23.Qf3 Ndc6 24.Qxh5 Nd4 25.Rh3 Ndf5 26.g6 fxg6 27.Nxg6 Nxg6 28.Qxg6 Rc7 29.Bg5 Qf7
30.Qh7+ Kf8 31.c4 d4 32.f4 Ke8 33.Rb3 Bh6 34.Qh8+ Qf8 35.Qf6 Qxf6 36.exf6 Kf7
37.h4 Rd8 38.a5 Rdd7 39.a6 Rd6 40.Rb7 Rxb7 41.axb7 Rb6 42.Re5 Bf8 43.Re2 Rxb7
44.h5 Rb3 45.h6 Rh3 46.Kg2 Rh5 47.b3 Bxh6 48.Bxh6 Rxh6 49.Ra2 Kxf6 50.Rxa7 Rh4
51.Kf3 Rh3+  0-1

[Event "Zagreb op"]
[Site "Zagreb"]
[Date "1997.??.??"]
[Round "7"]
[White "Kapic, Ibrahim"]
[Black "Kovacevic, Blazimir"]
[Result "0-1"]
[WhiteElo "2300"]
[BlackElo "2340"]

1.e4 e6 2.d4 d5 3.Nc3 Bb4 4.e5 Ne7 5.Qg4 Nf5 6.Nf3 Nc6 7.Bd3 h5 8.Qf4 Nce7
9.O-O Ng6 10.Qg5 Be7 11.Qd2 Ngh4 12.Nxh4 Nxh4 13.Ne2 Nf5 14.c3 g6 15.Qc2 Bd7
16.Bd2 c5 17.dxc5 Bxc5 18.Bxf5 gxf5 19.Nd4 Rc8 20.Qd3 Qh4 21.Nb3 Rg8 22.Nxc5 Rxc5
23.Qe3 Rc4 24.f3 Qh3 25.Qf2 Rh4 26.g3 f4 27.g4 Rhxg4+ 28.fxg4 Rxg4+ 29.Kh1 d4
30.Qf3 Bc6 31.Qxc6+ bxc6 32.Rf2 Qd3 33.Raf1 Qe4+ 34.Rf3 h4 35.cxd4 h3 36.Rf2 Kd7
37.a3 Kc8 38.Bc3 Rg2 39.Rf1 Qe2  0-1

[Event "Zillertal op"]
[Site "Zillertal"]
[Date "1997.??.??"]
[Round "7"]
[White "Lanka, Zigurds"]
[Black "Farago, Ivan"]
[Result "1/2-1/2"]
[WhiteElo "2575"]
[BlackElo "2440"]

1.e4 e6 2.d4 d5 3.Nc3 Bb4 4.e5 Ne7 5.a3 Bxc3+ 6.bxc3 c5 7.Nf3 Bd7 8.Rb1 Qc7
9.Bf4 c4 10.h4 Nbc6 11.h5 h6 12.g3 O-O-O 13.Bg2 Qa5 14.Qc1 Kb8 15.Qb2 Bc8
16.Kf1 Ka8 17.Nh2 a6 18.Ra1 Na7 19.a4 Bd7 20.Bf3 Nec8 21.Kg2 Nb6 22.Rhb1 Nac8
23.Nf1 Bc6 24.Nd2 Nxa4 25.Nxc4 Qc7 26.Qb4 dxc4 27.Rxa4 Bxf3+ 28.Kxf3 Ne7
29.Qxc4 Qxc4 30.Rxc4 Rc8 31.Rxc8+ Rxc8 32.Bd2 Nd5 33.Rb3 b5 34.Ke4 Kb7 35.Kd3 Nb6
36.g4 Nc4 37.Rb1 Kc6 38.Bc1 a5 39.Ra1 Kd5 40.Ba3 g6 41.Bc1 gxh5 42.gxh5 Rg8
43.Rb1 Kc6 44.Be3  1/2-1/2

[Event "Zagreb op"]
[Site "Zagreb"]
[Date "1998.01.06"]
[Round "4"]
[White "Dotlic, Zdravko"]
[Black "Bukal, Vladimir"]
[Result "0-1"]
[WhiteElo "2040"]
[BlackElo "2400"]

1.e4 e6 2.d4 d5 3.Nc3 Bb4 4.e5 Ne7 5.a3 Bxc3+ 6.bxc3 c5 7.a4 Nbc6 8.Nf3 Qa5
9.Qd2 Bd7 10.Bd3 c4 11.Be2 f6 12.O-O O-O-O 13.Ba3 h5 14.Rfe1 Nf5 15.Bb4 Qc7
16.Bf1 Rdg8 17.Kh1 Qd8 18.a5 h4 19.Bc5 Kb8 20.Ra2 Nxa5 21.Rea1 b6 22.Rb1 Ka8
23.Rba1 Qc7 24.Qc1 Nc6 25.Bb4 Rb8 26.Qa3 Rb7 27.Re1 Bc8 28.Qb2 Qf7 29.Qc1 Bd7
30.Qd2 Be8 31.Qe2 Nd8 32.Qd2 Qd7 33.Ng1 Nc6 34.Nh3 Bf7 35.f4 Bg6 36.Be2 Nh6
37.Bf3 Bf5 38.Nf2 Qf7 39.Qe2 Qg6 40.Bh5 Qh7 41.Bd6 g6 42.Bf3 Nf7 43.Ba3 fxe5
44.fxe5 Ncd8 45.Ng4 Bxg4 46.Bxg4 Nh6 47.Rf1 Nf5 48.Raa1 Rf7 49.Kg1 Nb7 50.Bc1 Rhf8
51.Ba3 Rg8 52.Bc1 Nd8 53.Bg5 Rc7 54.Rfb1 Nf7 55.Bf6 Kb7 56.Qf2 N7h6 57.h3 Nxg4
58.hxg4 Ng3 59.Re1 g5 60.Re3 Qg6 61.Rae1 Rf8 62.Qd2 Ne4 63.Qe2 Rcf7 64.Kh2 a5
65.Qf3 Ka6 66.Rxe4 dxe4 67.Rxe4 Rd7 68.Re2 a4 69.Qe3 Rb7 70.Qc1 b5 71.Qa3 Rff7
72.Qb4 Qg8 73.Re1 Qf8 74.Qb2 Kb6 75.Rb1 Kc6 76.Qc1 Ra7 77.Ra1 a3 78.Ra2 b4
79.Qf1 Kb5 80.Ra1 a2  0-1

[Event "NLD-sf"]
[Site "Enschede"]
[Date "1998.01.08"]
[Round "6"]
[White "Middelburg, Tom"]
[Black "Vogel, Jaap"]
[Result "1/2-1/2"]
[WhiteElo "2235"]
[BlackElo "2280"]

1.e4 e6 2.d4 d5 3.Nc3 Bb4 4.e5 b6 5.Qg4 Bf8 6.Bb5+ c6 7.Ba4 a5 8.a3 Ba6 9.Nce2 Bb5
10.Bxb5 cxb5 11.Bg5 Qd7 12.c3 Nc6 13.Nf3 h6 14.Bd2 Nge7 15.Ng3 g6 16.h4 h5
17.Qh3 O-O-O 18.Ng5 Qe8 19.Ne2 Kb7 20.Qd3 Na7 21.Ng3 Rc8 22.Qf3 Nf5 23.Nxf5 gxf5
24.Nh3 Be7 25.Nf4 Qc6 26.g3 Qc4 27.Qd1 a4 28.Bc1 Nc6 29.Qe2 Na5 30.Qxc4 Nxc4  1/2-1/2

[Event "CRO-ch06"]
[Site "Pula"]
[Date "1998.01.15"]
[Round "7"]
[White "Fercec, Nenad"]
[Black "Levacic, Patrick"]
[Result "1-0"]
[WhiteElo "2455"]
[BlackElo "2365"]

1.e4 e6 2.d4 d5 3.Nc3 Bb4 4.e5 Ne7 5.a3 Bxc3+ 6.bxc3 b6 7.Nh3 Ng6 8.a4 c5
9.a5 Ba6 10.axb6 Qxb6 11.Bxa6 Nxa6 12.O-O O-O 13.Qg4 Rac8 14.Ng5 cxd4 15.Ba3 Rfd8
16.cxd4 h6 17.Nf3 Rxc2 18.h4 Rd7 19.h5 Ne7 20.Rfb1 Qc6 21.Nh4 Qc4 22.Bc1 Kh7
23.Be3 Rc7 24.Kh2 Nc5 25.Rb8 Nd7 26.Re8 Nxe5 27.Qf4 N7c6 28.Qg3 Nxd4 29.Qxe5 Nc6
30.Qg3 Ne5 31.Bf4  1-0

[Event "CRO-ch06"]
[Site "Pula"]
[Date "1998.01.18"]
[Round "9"]
[White "Rogulj, Branko"]
[Black "Dizdar, Goran"]
[Result "1/2-1/2"]
[WhiteElo "2430"]
[BlackElo "2530"]

1.e4 e6 2.d4 d5 3.Nc3 Bb4 4.e5 b6 5.Qg4 Bf8 6.Nh3 Ba6 7.Nb5 Qd7 8.a4 Bb7
9.Nf4 a6 10.Nc3 Nc6  1/2-1/2

[Event "Anibal op 5th"]
[Site "Linares"]
[Date "1998.01.26"]
[Round "7"]
[White "Lalic, Bogdan"]
[Black "Dgebuadze, Alexandre"]
[Result "1-0"]
[WhiteElo "2545"]
[BlackElo "2470"]

1.e4 e6 2.d4 d5 3.Nc3 Bb4 4.e5 Ne7 5.a3 Bxc3+ 6.bxc3 c5 7.h4 b6 8.h5 h6 9.Qg4 Rg8
10.Bd3 Nf5 11.Nf3 Qd7 12.a4 Ba6 13.a5 Bxd3 14.cxd3 Qc6 15.dxc5 bxc5 16.Nh4 Nxh4
17.Rxh4 Nd7 18.Bxh6 Nxe5 19.Qg3 Nxd3+ 20.Kf1 Qb5 21.Kg1 Qb2 22.Rf1 Qxc3 23.Rg4 O-O-O
24.Bxg7 Qc2 25.h6 Nc1 26.Qf3 Ne2+ 27.Kh2 c4 28.Re1 Nc1 29.Qxf7 Qf5 30.Qxe6+ Qxe6
31.Rxe6 Kd7 32.Rgg6 Rc8 33.Ra6 Ra8 34.h7 Rgc8 35.Rh6 c3 36.h8=Q Rxh8 37.Bxh8 c2
38.Rh7+  1-0

[Event "Budapest FS02 IM"]
[Site "Budapest"]
[Date "1998.02.08"]
[Round "2"]
[White "Brustkern, Juergen"]
[Black "Karatorossian, David"]
[Result "0-1"]
[WhiteElo "2230"]
[BlackElo "2375"]

1.e4 e6 2.d4 d5 3.Nc3 Bb4 4.e5 b6 5.a3 Bxc3+ 6.bxc3 Qd7 7.Qg4 f5 8.Qg3 Ba6
9.Bxa6 Nxa6 10.Ne2 O-O-O 11.a4 Nb8 12.a5 Nc6 13.axb6 cxb6 14.Nf4 Na5 15.O-O g6
16.h4 Ne7 17.Ba3 Nec6 18.Bc1 Rhg8 19.Nd3 Kb7 20.Bg5 Rc8 21.Rfb1 Ka8 22.Nb2 Rc7
23.Qd3 Rgc8 24.Na4 Rb8 25.Qa6 Rcb7 26.Bc1 Nc4 27.Ba3 h6 28.Bd6 Nxd6 29.exd6 Na5
30.Nc5 bxc5 31.Rxb7 Rxb7 32.Rxa5 cxd4 33.cxd4 Kb8 34.Rc5 Rb1+ 35.Kh2 Rb6
36.Qa5 Qxd6+ 37.g3 g5 38.hxg5 hxg5 39.c4 dxc4 40.Rxc4 g4 41.Qc3 Kb7 42.Rc5 Qd7
43.Qd3 a6 44.Rc1 Rc6 45.Rb1+ Ka7 46.Qb3 Qh7+ 47.Kg2 Qc7 48.Qe3 Ka8 49.Kg1 Rb6
50.Rc1 Qb7 51.Kh2 Rc6 52.Rd1 Rc8 53.Qh6 Rc7 54.Kg1 Qd5 55.Qf8+ Ka7 56.Rb1 Rb7
57.Rxb7+ Kxb7 58.Qb4+ Kc6 59.Qe7 a5 60.Qa7 Kb5 61.Qb8+ Kc4 62.Qb6 a4 63.Kf1 a3
64.Qa6+ Kb4  0-1

[Event "Budapest FS02 IM"]
[Site "Budapest"]
[Date "1998.02.10"]
[Round "4"]
[White "Antal, Sebestyen Jr"]
[Black "Karatorossian, David"]
[Result "0-1"]
[WhiteElo "2330"]
[BlackElo "2375"]

1.e4 e6 2.d4 d5 3.Nc3 Bb4 4.e5 b6 5.Qg4 Bf8 6.Nh3 f5 7.Qg3 Qd7 8.a4 Ba6 9.Bxa6 Nxa6
10.Ne2 Nb4 11.Qb3 c5 12.O-O c4 13.Qc3 h6 14.b3 Rc8 15.Nhf4 Qf7 16.a5 b5 17.bxc4 Rxc4
18.Qb3 a6 19.c3 g5 20.Nxe6 Qxe6 21.cxb4 Bxb4 22.Qh3 Qg6 23.Ba3 Bxa3 24.Qxa3 Rh7
25.Qd3 Rcc7 26.Rac1 Ne7 27.Rc4 Rxc4 28.f4 g4 29.Rc1 Qc6 30.Ra1 Rc2 31.Kf2 Qc4
32.Ra3 b4 33.Rb3 Nc6 34.Ke1 Rxe2+  0-1

[Event "Oberliga Wuert9798"]
[Site "Wuerttemberg"]
[Date "1998.03.01"]
[Round "8"]
[White "Bauer, Peter"]
[Black "Berezovsky, Igor"]
[Result "1/2-1/2"]
[WhiteElo "2255"]
[BlackElo "2370"]

1.e4 e6 2.d4 d5 3.Nc3 Bb4 4.e5 b6 5.a3 Bxc3+ 6.bxc3 Qd7 7.a4 Ba6 8.Bxa6 Nxa6
9.Qd3 Nb8 10.Ne2 Nc6 11.O-O Nge7 12.c4 dxc4 13.Qxc4 Na5 14.Qa6 O-O 15.Ra3 Qc6
16.Qd3 Nd5 17.Qe4 Nb4 18.Qg4 f5 19.exf6 Rxf6 20.Bg5 Rf7 21.Rc1 Raf8 22.Re3 Nd5
23.Rxe6 Qxa4 24.Re5 Qc6 25.c4 Nf6 26.Bxf6 Qxf6 27.f3 Rd8 28.Re6 Qf5 29.Qxf5 Rxf5
30.Re7 Rf7 31.Rxf7 Kxf7 32.Rc3 Rd6 33.Kf2 Rh6 34.h3 Rc6 35.c5 bxc5 36.d5 Ra6
37.Rxc5 c6  1/2-1/2

[Event "Honra"]
[Site "Almada"]
[Date "1998.03.04"]
[Round "5"]
[White "Boino, Claudio"]
[Black "Reis, Luis Sousa"]
[Result "1-0"]
[WhiteElo "2120"]
[BlackElo "2225"]

1.e4 e6 2.d4 d5 3.Nc3 Bb4 4.e5 Qd7 5.a3 Bxc3+ 6.bxc3 b6 7.a4 Ba6 8.Bxa6 Nxa6
9.Qd3 Nb8 10.Nf3 Nc6 11.c4 dxc4 12.Qxc4 Nge7 13.O-O O-O 14.Ba3 Rfd8 15.Bxe7 Nxe7
16.Qe2 Rac8 17.Rfd1 Nd5 18.Ng5 Qe7 19.Ne4 f5 20.exf6 gxf6 21.c4 Nf4 22.Qf3 e5
23.g3 Ng6 24.Nxf6+ Kh8 25.Nd5 Qg7 26.dxe5 Nxe5 27.Qc3 Rf8 28.f4 Ng6 29.Qxg7+ Kxg7
30.Nb4 c6 31.Rd7+ Kh6 32.Rad1 a5 33.Nc2 b5 34.h3 bxa4 35.Ne3 Nxf4 36.gxf4 Rxf4
37.R1d6+ Kg5 38.Rg7+ Kh5 39.Ng4  1-0

[Event "Budapest FS03 IM"]
[Site "Budapest"]
[Date "1998.03.07"]
[Round "1"]
[White "Senff, Martin"]
[Black "Karatorossian, David"]
[Result "1/2-1/2"]
[WhiteElo "2430"]
[BlackElo "2375"]

1.e4 e6 2.d4 d5 3.Nc3 Bb4 4.e5 b6 5.Qg4 Bf8 6.Nf3 Ba6 7.Be2 Qd7 8.O-O Ne7
9.a3 Nf5 10.b4 Bxe2 11.Nxe2 c5 12.c3 Nc6 13.Ng3 cxd4 14.cxd4 h6 15.Bd2 g6
16.Nxf5 exf5 17.Qf4 Nd8 18.a4 Ne6 19.Qe3 Bg7 20.b5 O-O 21.Rac1 Rfc8 22.Qb3 g5
23.Qd3 f4 24.Qf5 Rxc1 25.Rxc1 Rc8 26.h4 Rxc1+ 27.Bxc1 Qc7 28.Bb2 Qc4 29.hxg5 hxg5
30.Nxg5 Nxg5 31.Qxg5 Qb3 32.Qd8+ Bf8 33.Qg5+ Bg7 34.Qd8+ Bf8 35.Qg5+  1/2-1/2

[Event "Clarin GP f"]
[Site "Villa Gisell"]
[Date "1998.03.08"]
[Round "2"]
[White "Ginzburg, Maximiliano"]
[Black "Rodriguez, Andres URU"]
[Result "1/2-1/2"]
[WhiteElo "2470"]
[BlackElo "2475"]

1.e4 e6 2.d4 d5 3.Nc3 Bb4 4.e5 Ne7 5.a3 Bxc3+ 6.bxc3 b6 7.Qg4 Ng6 8.h4 h5
9.Qd1 Ba6 10.Bxa6 Nxa6 11.Bg5 Qd7 12.Ne2 Qc6 13.f4 Ne7 14.Bxe7 Kxe7 15.f5 Rag8
16.Qd3 Nb8 17.fxe6 fxe6 18.Qg6 Qe8 19.Nf4 Rh6 20.Qg3 Nc6 21.O-O Kd8 22.Nh3 Ne7
23.Ng5 Nf5 24.Qd3 Rf8 25.g3 Qc6 26.Rf3 Kc8 27.Raf1 g6 28.Qa6+ Kb8 29.a4 Re8
30.Rb1 Rhh8 31.a5 Re7 32.Rb4 Rc8 33.Qd3 Ka8 34.a6 Qd7 35.Qb5 Qxb5 36.Rxb5 c6
37.Rb4 c5 38.dxc5 Rxc5 39.Nh3 Ra5 40.Nf4 Rxa6 41.Nxg6 Rg7 42.Nf4 Nxh4 43.Rd3 Nf5
44.Nxe6 Ra1+ 45.Kf2 Re7 46.Nd4 Rxe5 47.Nf3 Re7 48.Rxd5 Rf1+ 49.Kxf1 Ne3+
50.Kf2 Nxd5 51.Rb5 Nf6 52.Nd4 Rc7 53.Rf5 Ng4+ 54.Ke2 Rxc3 55.Rxh5 a5 56.Rh7 a4
57.Kd2 Rc4 58.Nb5 Kb8 59.Rh8+ Rc8 60.Rxc8+ Kxc8 61.Kc3 Ne3 62.Nd4 Kd7 63.Kb4 b5
64.c3 Nd5+  1/2-1/2

[Event "Budapest FS03 IM"]
[Site "Budapest"]
[Date "1998.03.14"]
[Round "8"]
[White "Grabics, Monika"]
[Black "Karatorossian, David"]
[Result "0-1"]
[WhiteElo "2345"]
[BlackElo "2375"]

1.e4 e6 2.d4 d5 3.Nc3 Bb4 4.e5 b6 5.a3 Bxc3+ 6.bxc3 Qd7 7.Qg4 f5 8.Qg3 Ba6
9.Bxa6 Nxa6 10.Ne2 O-O-O 11.a4 Nb8 12.Qd3 Nc6 13.Bg5 Nge7 14.a5 Kb8 15.O-O h6
16.Bxe7 Nxe7 17.axb6 cxb6 18.c4 dxc4 19.Qxc4 Rc8 20.Qa2 Rc6 21.c4 Rhc8 22.Rfc1 g5
23.Qa4 R8c7 24.Rcb1 Ka8 25.Qb5 Rxc4 26.Rxa7+ Rxa7 27.Qxc4 Ra4 28.Qb3 Nd5
29.h3 Kb7 30.Qf3 Qc6 31.Qh5 Ra2 32.Qf7+ Nc7 33.Re1 Qc4 34.Qh5 Qd3 35.Nc1 Qc3
36.Rd1 Ra1 37.Nb3 Rxd1+ 38.Qxd1 Nd5 39.Qb1 Qb4 40.Qd1 Qc3 41.Qb1 Nb4 42.Kf1 Kc6
43.Ke2 Nc2 44.d5+ Kxd5 45.Nd2 Nd4+ 46.Kd1 Kxe5 47.f3 b5 48.g4 Kf4 49.gxf5 exf5  0-1

[Event "JUG-ch53"]
[Site "Belgrade "]
[Date "1998.03.18"]
[Round "5"]
[White "Markovic, Miroslav"]
[Black "Drasko, Milan"]
[Result "1-0"]
[WhiteElo "2540"]
[BlackElo "2515"]

1.e4 e6 2.d4 d5 3.Nc3 Bb4 4.e5 Ne7 5.a3 Bxc3+ 6.bxc3 c5 7.h4 b6 8.h5 h6 9.Bb5+ Bd7
10.Bd3 Qc7 11.Nf3 Nbc6 12.O-O O-O 13.Be3 cxd4 14.cxd4 Nf5 15.c4 dxc4 16.Bxf5 exf5
17.Qc1 Na5 18.Bxh6 gxh6 19.Qxh6 Qc6 20.Qf4 Be6 21.Rae1 Kh7 22.Ng5+ Kh8 23.Re3 Rg8
24.Rg3 Bd5 25.e6 Bxe6 26.Qe5+  1-0

[Event "POL-ch"]
[Site "Ksiaz"]
[Date "1998.03.21"]
[Round "9"]
[White "Hnydiuk, Aleksander"]
[Black "Gdanski, Jacek"]
[Result "1/2-1/2"]
[WhiteElo "2355"]
[BlackElo "2520"]

1.e4 e6 2.d4 d5 3.Nc3 Bb4 4.e5 Ne7 5.a3 Bxc3+ 6.bxc3 c5 7.h4 b6 8.h5 h6 9.Qg4 Kf8
10.Bd3 Ba6 11.dxc5 bxc5 12.Nf3 Qa5 13.Bd2 Bxd3 14.cxd3 Nd7 15.O-O Rb8 16.a4 Qa6
17.c4 Rb3 18.cxd5 Nxd5 19.Qc4 Qxc4 20.dxc4 Nb4 21.Rab1 Rxb1 22.Rxb1 a5 23.Be3 Ke7
24.Nd2 Rc8 25.Ne4 Rc7 26.f4 Nc2 27.Bf2 Nd4 28.Kf1 f6 29.exf6+ Nxf6 30.Nxf6 Kxf6
31.g4 e5 32.Rb6+ Rc6 33.fxe5+ Kxe5 34.Rxc6 Nxc6  1/2-1/2

[Event "Hampstead GM"]
[Site "Hampstead"]
[Date "1998.03.29"]
[Round "7"]
[White "Gullaksen, Eirik T"]
[Black "McDonald, Neil R"]
[Result "1-0"]
[WhiteElo "2345"]
[BlackElo "2485"]

1.e4 e6 2.d4 d5 3.Nc3 Bb4 4.e5 Ne7 5.a3 Bxc3+ 6.bxc3 c5 7.Qg4 O-O 8.Bd3 f5
9.exf6 Rxf6 10.Bg5 Rf7 11.Qh4 h6 12.Bxe7 Rxe7 13.Nf3 Nc6 14.O-O c4 15.Bg6 Qa5
16.Ne5 Nxe5 17.dxe5 Qc5 18.Qd4 Rc7 19.f4 Bd7 20.g4 Be8 21.f5 b6 22.Rf2 Bxg6
23.fxg6 Qxd4 24.cxd4 c3 25.Rf4 b5 26.Kf2 Rc4 27.Ke3 a5 28.Rf7 Rcc8 29.Re7 Re8
30.Rxe8+ Rxe8 31.Rf1 Re7 32.Kd3 Rc7 33.Rb1 Rb7 34.Kxc3 Kf8 35.h4 Ke8 36.h5 Kf8
37.Kd3 Ke8 38.Rg1 Rc7 39.g5 hxg5 40.Rxg5 Rc8 41.Rg4 Ke7 42.Rf4 Rh8 43.Rf7+ Ke8
44.Rxg7 Rxh5 45.Ra7 Kf8 46.Rxa5 Rh3+ 47.Kd2 Kg7 48.Rxb5 Kxg6 49.Rb3 Rh2+
50.Kc3 Kf5 51.a4 Ke4 52.Rb4 Rh7 53.a5 Ke3 54.a6 Rc7+ 55.Kb3 Kd2 56.c4 Ra7
57.Ra4  1-0

[Event "Jagodina"]
[Site "Jagodina"]
[Date "1998.03.30"]
[Round "8"]
[White "Pikula, Dejan"]
[Black "Dimitrov, Vladimir"]
[Result "1/2-1/2"]
[WhiteElo "2440"]
[BlackElo "2450"]

1.e4 e6 2.d4 d5 3.Nc3 Bb4 4.e5 Qd7 5.Qg4 f5 6.Qg3 b6 7.Be2 Ba6 8.Bh5+ g6
9.Be2 Kf7 10.h4 h6 11.Bf4 c5 12.a3 Ba5 13.Bxa6 Nxa6  1/2-1/2

[Event "Budapest FS04 IM"]
[Site "Budapest"]
[Date "1998.04.06"]
[Round "3"]
[White "Mork, Kjell Arne"]
[Black "Karatorossian, David"]
[Result "0-1"]
[WhiteElo "2305"]
[BlackElo "2375"]

1.e4 e6 2.d4 d5 3.Nc3 Bb4 4.e5 b6 5.Qg4 Bf8 6.Nf3 Ba6 7.Nb5 Qd7 8.a4 Ne7
9.Bd3 Nf5 10.Bf4 c6 11.Nd6+ Bxd6 12.Bxf5 Bf8 13.Bd3 Bxd3 14.cxd3 a5 15.O-O Na6
16.Bd2 O-O-O 17.Ne1 f5 18.Qe2 Bb4 19.Nc2 Qe7 20.Rfc1 Kd7 21.Bxb4 Nxb4 22.Ra3 Rb8
23.Qd2 Rhc8 24.Rb3 c5 25.dxc5 bxc5 26.Na3 Ke8 27.Nb5 Kf8 28.Re1 c4 29.dxc4 Rxc4
30.Rc3 Rxc3 31.Qxc3 h6 32.h3 Kg8 33.Rc1 Kh7 34.Qd4 Rb7 35.Rc5 Qg5 36.Nd6 Re7
37.Rxa5 Nc6 38.Qc3 Nxa5 39.Qxa5 Qc1+ 40.Kh2 Qxb2 41.f4 Qd4 42.Qd8 Qxf4+ 43.Kh1 Qf1+
44.Kh2  0-1

[Event "Mar del Plata op"]
[Site "Mar del Plata"]
[Date "1998.04.09"]
[Round "6"]
[White "Kanefsck, Gustavo"]
[Black "Dorin, Mauricio"]
[Result "1/2-1/2"]
[WhiteElo "2400"]
[BlackElo "2355"]

1.e4 e6 2.d4 d5 3.Nc3 Bb4 4.e5 b6 5.Qg4 Bf8 6.Nh3 Ne7 7.Nf4 Nf5 8.Bd3 g6
9.Bxf5 gxf5 10.Qg3 h6 11.Nh5 Kd7 12.O-O Kc6 13.Nf4 Ba6 14.Re1 Kb7 15.Qf3 c6
16.b3 h5 17.Nd1 h4 18.Ne3 Bh6 19.Bb2 Qg5 20.Nh3 Qg6 21.Rac1 Rg8 22.c4 Bxe3
23.Rxe3 dxc4 24.Nf4 Qg4 25.bxc4 Nd7 26.d5 Nc5 27.Bd4 Ne4 28.dxe6 fxe6 29.Nxe6 Qxf3
30.Rxf3 Rae8 31.Nf4 c5 32.Ba1 Rd8 33.Nd5 Bxc4 34.Ne7 Ng5 35.Rfc3 Bxa2 36.Nxg8 Bxg8
37.e6 Nxe6 38.Re3  1/2-1/2

[Event "Budapest FS04 IM"]
[Site "Budapest"]
[Date "1998.04.10"]
[Round "7"]
[White "Senff, Martin"]
[Black "Karatorossian, David"]
[Result "1-0"]
[WhiteElo "2430"]
[BlackElo "2375"]

1.e4 e6 2.d4 d5 3.Nc3 Bb4 4.e5 b6 5.a3 Bxc3+ 6.bxc3 Qd7 7.Qg4 f5 8.Qg3 Ba6
9.Bxa6 Nxa6 10.a4 Nb8 11.a5 Nc6 12.axb6 cxb6 13.Ne2 O-O-O 14.O-O g6 15.h4 Nge7
16.h5 gxh5 17.Nf4 h4 18.Qd3 Na5 19.Qa6+ Kb8 20.Rxa5 bxa5 21.Ba3 Rc8 22.Qd6+ Qxd6
23.Bxd6+ Ka8 24.Bxe7 Rhe8 25.Bc5 Rb8 26.Ra1 Rb5 27.Bd6 Kb7 28.Nd3 Kc6 29.Nc5 Rb2
30.Rxa5 Rxc2 31.Rxa7 h3 32.Rxh7 Rc1+ 33.Kh2 hxg2 34.Kxg2 Rg8+ 35.Kf3 Rxc3+
36.Ke2 Rc2+ 37.Ke3 Rg6 38.Nxe6 Ra2 39.Rc7+ Kb5 40.Nf4  1-0

[Event "Dreifluesse op"]
[Site "Passau"]
[Date "1998.04.10"]
[Round "1"]
[White "Tietzen, Stefan"]
[Black "Riedel, Wolfgang"]
[Result "0-1"]
[WhiteElo "1926"]
[BlackElo "2350"]

1.e4 e6 2.d4 d5 3.Nc3 Bb4 4.e5 Ne7 5.a3 Bxc3+ 6.bxc3 c5 7.a4 Qa5 8.Qd2 Nbc6
9.Nf3 Bd7 10.Ba3 cxd4 11.cxd4 Qxd2+ 12.Kxd2 Nf5 13.c3 Na5 14.Ke1 Rc8 15.Bb2 f6
16.g4 Ne7 17.h4 Nc4 18.Bxc4 dxc4 19.Ba3 Bc6 20.Rh3 Nd5 21.g5 f5 22.Nd2 Nf4
23.Rh2 Bxa4 24.Bc5 Bb5 25.Bxa7 O-O 26.Rb1 Bc6 27.Bc5 Nd3+ 28.Ke2 Nxc5 29.dxc5 Bd5
30.Rb5  0-1

[Event "Dreifluesse op"]
[Site "Passau"]
[Date "1998.04.10"]
[Round "1"]
[White "Kaufmann, Gunther"]
[Black "Just, Joachim"]
[Result "0-1"]
[WhiteElo "1665"]
[BlackElo "2078"]

1.e4 e6 2.d4 d5 3.Nc3 Bb4 4.e5 Ne7 5.a3 Bxc3+ 6.bxc3 c5 7.a4 Nbc6 8.Nf3 Qa5
9.Bd2 Bd7 10.Be2 O-O 11.c4 Qc7 12.c3 dxc4 13.dxc5 Nxe5 14.Be3 Nxf3+ 15.Bxf3 Bc6
16.O-O Rfd8 17.Qe2 Rd3 18.Bxc6 Nxc6 19.Qg4 Na5 20.Rac1 Rc8 21.Bg5 Rd5 22.Bf6 g6
23.Rce1 Rf5 24.Qh4 Rh5 25.Qg4 Qxh2+  0-1

[Event "Budapest FS04 IM"]
[Site "Budapest"]
[Date "1998.04.11"]
[Round "8"]
[White "Hagesaether, Halvard"]
[Black "Karatorossian, David"]
[Result "1-0"]
[WhiteElo "2215"]
[BlackElo "2375"]

1.e4 e6 2.d4 d5 3.Nc3 Bb4 4.e5 b6 5.Bd2 Ba6 6.Nb5 Bf8 7.Qg4 Qd7 8.a4 Ne7
9.Bb4 Nf5 10.Bxf8 Kxf8 11.Qf4 c6 12.g4 Ne7 13.Nd6 Nc8 14.Nxc8 Qxc8 15.Ra3 Qd8
16.Rf3 Qe7 17.Nh3 Bxf1 18.Kxf1 Nd7 19.Ng5 f6 20.exf6 gxf6 21.Re3 e5 22.dxe5 Nxe5
23.Nf3 Ng6 24.Qf5 Qf7 25.Nd4 Kg7 26.Ne6+ Kg8 27.h4 Re8 28.h5 Ne5 29.Rxe5  1-0

[Event "Dreifluesse op"]
[Site "Passau"]
[Date "1998.04.11"]
[Round "3"]
[White "Enders, Peter"]
[Black "De Francesco, Klaus"]
[Result "1-0"]
[WhiteElo "2525"]
[BlackElo "2295"]

1.e4 e6 2.d4 d5 3.Nc3 Bb4 4.e5 Ne7 5.a3 Bxc3+ 6.bxc3 c5 7.Qg4 O-O 8.Bd3 f5
9.exf6 Rxf6 10.Bg5 Nd7 11.Qh4 h6 12.Bxf6 Nxf6 13.dxc5 e5 14.f3 e4 15.fxe4 Qa5
16.Ne2 dxe4 17.Bc4+ Kh8 18.Qf2 Nf5 19.h3 e3 20.Qf4 Qxc5 21.Bd3 Bd7 22.O-O Nh5
23.Qg4 Nf6 24.Rxf5  1-0